YER ALTINDA BİR ŞEHİR (Record no. 834972)

MARC details
000 -LEADER
sabit uzunluktaki kontrol alanı 00252nam a2200097Ia 4500
001 - KONTROL NUMARASI
kontrol alanı 834972
005 - EN SON İŞLEMİN TARİH VE ZAMANI
kontrol alanı 20250826172445.0
008 - SABİT-UZUNLUKTA VERİ ÖĞELERİ--GENEL BİLGİ
sabit uzunluktaki kontrol alanı 250824s9999 xx 000 0 und d
245 #0 - ESER / YAZAR
ESER ADI YER ALTINDA BİR ŞEHİR
Yazar Adı KEMALETTİN TUĞCU
260 ## - YAYIN, DAĞITIM, VB.
YAYIN EVİ BİLGE YAYINLARI
Holdings
Düşüm durumu Kayıp durumu Hasar Durumu Ödünç verilmez Ana kütüphane Geçerli Kütüphane Edinilen tarih Toplam ödünç verme sayısı Barkod Son görüntüleme tarihi Fiyatın geçerli olmaya başladığı tarih Koha materyal türü
        ŞEHİT MUSTAFA ÇUHADAR ORTAOKULU ŞEHİT MUSTAFA ÇUHADAR ORTAOKULU 24.08.2025   10542718 26.08.2025 26.08.2025 Books